书目信息 |
| 题名: |
硼氢化合物化学
|
|
| 作者: | 彭庆勋 选译 | |
| 分册: | ||
| 出版信息: | 北京 科学出版社 1965 |
|
| 页数: | 304页 | |
| 开本: | 20cm | |
| 丛书名: | 化学译丛 | |
| 单 册: | ||
| 中图分类: | O611.6 | |
| 科图分类: | ||
| 主题词: | 无机化学 | |
| 电子资源: | ||
| ISBN: | ||
| 000 | 00618nam0 2200229 450 | |
| 001 | 0637921390 | |
| 005 | 20060418103450.32 | |
| 010 | @dCNY1.60 | |
| 100 | @a20060418d1965 km y0chiy0120 ea | |
| 101 | 0 | @achi |
| 102 | @aCN@b110000 | |
| 102 | @aCN@b110000 | |
| 200 | 1 | @a硼氢化合物化学@Apeng qing hua he wu hua xue@f彭庆勋等选译@Fpeng qing xun deng xuan yi |
| 210 | @a北京@c科学出版社@d1965 | |
| 215 | @a304页@d20cm | |
| 225 | @a化学译丛 | |
| 410 | 0 | @12001 @a化学译丛 |
| 606 | 0 | @a无机化学 |
| 690 | @aO611.6@v3 | |
| 701 | 0 | @a彭庆勋@Apeng qing xun@4选译 |
| 801 | 0 | @aCN@bPFT@c20060418 |
| 905 | @a10447@dO611.6@e7 | |
| 硼氢化合物化学/彭庆勋等选译.-北京:科学出版社,1965 |
| 304页;20cm.-(化学译丛) |
| ISBN :CNY1.60 |
| ● |
| 相关链接 |
|
|
|
|
正题名:硼氢化合物化学
索取号:O611.6/7
 
预约/预借
| 序号 | 登录号 | 条形码 | 馆藏地/架位号 | 状态 | 备注 |
| 1 | 0012084 | 000698178 | 密集书库/ [索取号:O611.6/7] | 在馆 | |
| 2 | 0012085 | 000698132 | 密集书库/ [索取号:O611.6/7] | 在馆 |